| 000 | 00924cam a22002777a 4500 | ||
|---|---|---|---|
| 003 | CHAP | ||
| 005 | 20220329140930.0 | ||
| 008 | 971013s1957 r 00010 d | ||
| 010 | _a59991 | ||
| 011 | _a60963 | ||
| 035 | _a65127 | ||
| 040 | _cCHAP | ||
| 090 | _aFolleto 1626 | ||
| 110 |
_aMéxico (Edo.). Dirección de Agricultura y Ganadería _976849 |
||
| 245 | 1 | 3 | _aLa extensión agrícola en el estado de México; sus tendencias y sus realizaciones |
| 260 |
_aToluca, Méx. : _bLa Dirección, _c1957 |
||
| 300 |
_a74 p. _b: ilus. |
||
| 590 |
_aBATCH-UPD _b10 _c20130410 _lUCH01 _h1552 |
||
| 590 |
_aBATCH-UPD _b10 _c20130914 _lUCH01 _h1338 |
||
| 590 |
_aCONVERSION _b10 _c20130109 _lUCH01 _h1332 |
||
| 650 | 1 | 4 |
_aExtensión agrícola _xMéxico (Edo.) _939174 |
| 901 | _aBK | ||
| 942 | _cFOLL | ||
| 949 |
_aFolleto 1626 _bBC _cFOLL _d-144186 _eTS1 _i65127 _si |
||
| 949 |
_aFolleto 1626 _bBC _cFOLL _d-144187 _eTS2 _fc.2 _i65127 _si |
||
| 999 |
_c59991 _d59991 |
||